• 首页
  • 本馆介绍
  • 公告通知
  • 最新文献
  • 馆藏检索
  • 电子资源
  • 读者导购
  • 参考咨询
  • 我的图书馆
  • 登录
  • 详细信息显示
  • 放入我的书架
  • 预约/预借图书
  • 作者相关作品
  • 分类相关作品
  • 丛书相关作品
  • 出版社相关作品

书目信息

  • 表格格式
  • 工作单格式
  • 卡片格式
题名:
白居易诗歌赏析
    
 
作者: 马玮 主编
分册:  
出版信息: 北京   商务印书馆国际有限公司  2017
页数: 13, 311页
开本: 24cm
丛书名: 中国古典诗词名家菁华赏析丛书
单 册:
中图分类: I207.227.424
科图分类:
主题词: 唐诗--tang shi--诗歌欣赏--中国--唐代
电子资源:
ISBN: 978-7-5176-0404-4
000 01123nam 2200277 45
001 012001007355
005 20131019114228.0
010    @a978-7-5176-0404-4@dCNY39.80
099    @aCAL 012017136663
100    @a20170814d2017 em y0chiy50 ea
101 0  @achi
102    @aCN@b110000
105    @aa z 000yy
106    @ar
200 1  @a白居易诗歌赏析@Abai ju yi shi ge shang xi@f马玮主编
210    @a北京@c商务印书馆国际有限公司@d2017@h2019重印
215    @a13, 311页@c图@d24cm
225 2  @a中国古典诗词名家菁华赏析丛书@Azhong guo gu dian shi ci ming jia jing hua shang xi cong shu
330    @a本书选收名诗一百首。注释、题解、赏析等全方位的解读内容, 深入浅出的赏析文字, 活泼疏朗的内文版面, 精美典雅的装帧设计, 足以让读者在轻松愉悦的阅读中尽情口味诗王居易经典诗歌的平易流白之美, 享受诗歌艺术的无穷魅力。
410  0 @12001 @a中国古典诗词名家菁华赏析丛书
600  0 @a白居易,@Abai ju yi@f772-846@x唐诗@x诗歌欣赏
606 0  @a唐诗@Atang shi@x诗歌欣赏@y中国@z唐代
690    @aI207.227.424@v5
701  0 @a马玮@Ama wei@4主编
801  2 @aCN@b上海新华@c20191020
905    @b1176627-30@dI207.227.424@e1196@f4
    
    白居易诗歌赏析/马玮主编.-北京:商务印书馆国际有限公司,2017(2019重印)
    13, 311页:图;24cm.-(中国古典诗词名家菁华赏析丛书)
    
    
    ISBN 978-7-5176-0404-4:CNY39.80
    本书选收名诗一百首。注释、题解、赏析等全方位的解读内容, 深入浅出的赏析文字, 活泼疏朗的内文版面, 精美典雅的装帧设计, 足以让读者在轻松愉悦的阅读中尽情口味诗王居易经典诗歌的平易流白之美, 享受诗歌艺术的无穷魅力。
●
相关链接 在E读中查询图书 在五车中查询图书 在当当中查询图书 在豆瓣中查询图书


正题名:白居易诗歌赏析     索取号:I207.227.424/1196         预约/预借

序号 登录号 条形码 馆藏地/架位号 状态 备注
1 1176627   211766276   第一样本阅览室/ [索取号:I207.227.424/1196] 在馆    
2 1176628   211766285   第二借阅区/ [索取号:I207.227.424/1196] 在馆    
3 1176629   211766294   第二借阅区/ [索取号:I207.227.424/1196] 在馆    
4 1176630   211766301   第二借阅区/ [索取号:I207.227.424/1196] 在馆    
唐山师范学院图书馆 欢迎您!
大连网信软件有限公司© 版权所有